Online Catalogue and eLibrary

Eelaththuch chiru kathaith thohupuhal (Record no. 3786)

MARC details
000 -LEADER
fixed length control field 00414nam a2200145Ia 4500
005 - DATE AND TIME OF LATEST TRANSACTION
control field 20250405170240.0
008 - FIXED-LENGTH DATA ELEMENTS--GENERAL INFORMATION
fixed length control field 240331s9999 xx 000 0 und d
082 ## - DDC Classification
Item Number - Author Mark SIV
Class No. 894
100 ## - MAIN ENTRY--PERSONAL NAME
Personal name Sivakumaran, S.K
245 #0 - TITLE STATEMENT
Title Eelaththuch chiru kathaith thohupuhal
260 ## - PUBLICATION, DISTRIBUTION, ETC.
Place of publication, distribution, etc. Colombo
Name of publisher, distributor, etc. Sevwandi ( Pvt) Ltd
Date of publication, distribution, etc. 1998
300 ## - PHYSICAL DESCRIPTION
Extent (e.g. Volumes, Pages etc.) vi, 154 p .,
500 ## - GENERAL NOTE
General note Sri Lankan Short Story Collections Critical Insights
942 ## - Koha item type (Biblio)
Koha item type Books in Stacks (Lending)
Holdings
Lost status Damaged status Collection code Home library Current library Shelving location Date acquired Full call number Accession Number Item type
    Lending WERC Library WERC Library Social Science Cupboard 03/31/2024 894.811 SIV 2617 Books in Stacks (Lending)

© WERC Library